00385nam a22001452 4500001001100000005001700011008004100028040001500069245004900084250001300133260004200146300001700188650003100205852000300236000001913820151021151131.0100928s xx 000 0 eng d aKABUcKABU10aComing back :bthe science of reincarnation. a1st ed. aMumbai :bBhaktivedanta Books,c1984. axxi, 138 p. 0aReincarnation.@00001787931